000 00856nam a2200289 4500
001 255
003 OSt
005 20250220164229.0
008 250220b |||||||g |||| 00| 0 eng d
020 _a9788502191938
040 _bpor
041 _hpor
082 _a530.07
_bD636f
100 _aDoca, Ricardo Helou
_9467
245 _aFísica I:
_bMecânica /
_cDoca, Ricardo Helou ; Biscoula, Gualter José ; Villas Bôas, Newton
250 _a2° edição
260 _aSão Paulo
_bSaraiva
_c2013
300 _a320 p.
_bil.
520 _aTeoria, problemas e exercícios sobre física e mecânica
650 0 _aEnsino Médio
_9469
650 0 _aFísica
_9470
650 0 _aMecânica
_9471
655 0 _aLivro Didático
_9472
700 _aBiscuola, Gualter José
_eCoautor
_9473
700 _aVillas Bôas, Newton
_eCoautor
_9474
942 _2ddc
_n0
_cBK
999 _c255
_d255